Supplemental nights, to the book of the thousand and one nights : with notes, anthropological and explanatory. Volume six /

書誌詳細
その他の著者: Burton, Richard Francis, Sir, 1821-1890 (翻訳家)
フォーマット: 図書
言語:English
Arabic
出版事項: London : Privately printed by the Burton Club, 1888.
主題:
Classic Catalogue: View this record in Classic Catalogue
LEADER 01596nam a22003377a 4500
001 44671
003 BD-DhAAL
005 20251005171323.0
008 250918t1888 enka|||| |||| 00| 0 eng d
040 |a BD-DhAAL  |c BD-DhAAL 
041 |a eng  |h ara 
082 |a 398.21  |2 23 
245 |a Supplemental nights, to the book of the thousand and one nights :  |b with notes, anthropological and explanatory.  |p Volume six /  |c translated by Richard F. Burton. 
246 1 8 |a Alf laylah wa laylah 
260 |a London :  |b Privately printed by the Burton Club,  |c 1888. 
300 |a xvii, 366 pages :  |b illustrations ;  |c 25 cm 
362 |a Vol. 6 
504 |a Includes bibliographical references and index. 
505 |a v. 6. Supplemental nights. 
541 |a Donated by Farhana Zahir, Assistant Professor, BRAC Business School, BRAC University  |e 44671 
650 |a Fairy tales. 
650 |a Tales, Arabic.  |9 59382 
650 |a Folklore  |z Arab countries.  |9 59424 
650 |a Tales  |z Arabian Peninsula.  |9 59400 
650 |a Tales  |z Arab countries.  |9 59396 
700 |a Burton, Richard Francis,  |c Sir,  |d 1821-1890,  |e translator.  |9 59374 
730 |a Arabian Nights.  |l English.  |9 59373 
852 |a Ayesha Abed Library  |c General Stacks 
942 |2 ddc  |c BK 
999 |c 47589  |d 47589 
952 |0 0  |1 0  |2 ddc  |4 0  |6 398_210000000000000_SUP  |7 0  |9 78253  |a BRACUL  |b BRACUL  |c NEW  |d 2025-09-18  |e Donated by Farhana Zahir, Assistant Professor, BRAC Business School, BRAC University  |l 1  |o 398.21 SUP  |p 3010044671  |r 2026-03-01  |s 2026-02-22  |t 1  |w 2025-09-18  |y BK  |x Donated by Farhana Zahir, Assistant Professor, BRAC Business School, BRAC University